Analysis of Critical Success Factors of Design Build Projects in Pakistan (Record no. 551441)
[ view plain ]
| 000 -LEADER | |
|---|---|
| fixed length control field | 00563nam a22001697a 4500 |
| 082 ## - DEWEY DECIMAL CLASSIFICATION NUMBER | |
| Classification number | T-159 |
| Author Mark | CEM |
| 100 ## - MAIN ENTRY--PERSONAL NAME | |
| Personal name | Yasar Saleem Alvi |
| 9 (RLIN) | 48527 |
| 245 ## - TITLE STATEMENT | |
| Title | Analysis of Critical Success Factors of Design Build Projects in Pakistan |
| 260 ## - PUBLICATION, DISTRIBUTION, ETC. | |
| Place of publication, distribution, etc. | Risalpur Cantt |
| Name of publisher, distributor, etc. | MCE |
| 300 ## - PHYSICAL DESCRIPTION | |
| Extent | P 103 |
| 526 ## - STUDY PROGRAM INFORMATION NOTE | |
| Program name | 0 |
| Interest level | 0 |
| Reading level | 0 |
| Title point value | T_159_CEM |
| 650 ## - SUBJECT ADDED ENTRY--TOPICAL TERM | |
| Topical term or geographic name entry element | Thesis |
| Topical term following geographic name entry element | CEM |
| 9 (RLIN) | 48528 |
| 700 ## - ADDED ENTRY--PERSONAL NAME | |
| Personal name | Construction Engineering & Management |
| 9 (RLIN) | 48529 |
| 700 ## - ADDED ENTRY--PERSONAL NAME | |
| Personal name | Dr. Muhammad Bilal Khurshid |
| 9 (RLIN) | 16538 |
| 856 ## - ELECTRONIC LOCATION AND ACCESS | |
| Uniform Resource Identifier | <a href="http://172.25.8.12:8080/browse/search?query=Yasar+Saleem+Alvi+%2C+">http://172.25.8.12:8080/browse/search?query=Yasar+Saleem+Alvi+%2C+</a> |
| 942 ## - ADDED ENTRY ELEMENTS (KOHA) | |
| Source of classification or shelving scheme | |
| Koha item type | Book |
| Withdrawn status | Lost status | Source of classification or shelving scheme | Damaged status | Not for loan | Permanent Location | Current Location | Date acquired | Total Checkouts | Total Renewals | Full call number | Barcode | Date last seen | Date last checked out | Price effective from | Koha item type | Public note |
|---|---|---|---|---|---|---|---|---|---|---|---|---|---|---|---|---|
| Military College of Engineering (MCE) | Military College of Engineering (MCE) | 12/15/2014 | 1 | 1 | T-159 CEM | MCE-T-159 | 07/21/2017 | 04/09/2015 | 12/15/2014 | Book | Thesis |
